Responses for Show #1947 - Tuesday, February 9, 1993

Contestants

[<< previous game]

Ellen Miele, a tutor from Voorhees, New Jersey

Joe Ryan, a graduate student originally from Elmhurst, Illinois

Krista Huckabone, a French teacher from Kenmore, New York (whose 1-day cash winnings total $11,599)

[next game >>]

Jeopardy! Round responses

1893
THE WORLD PRESS
PEOPLE
BODIES OF WATER
SURVEY SAYS...
"4"!
    $100 17
"Happy Birthday"

Ellen
    $100 26
Japan

Krista
    $100 1
Candice Bergen

Ellen
    $100 3
the Nile

Ellen
    $100 5
Monday

Ellen
    $100 8
4-H

Ellen
    $200 18
Thomas Edison

Joe
    $200 27
Dublin

Joe
    $700 13
(Krista: I have no idea.)

Isaac Asimov

Krista
    $200 2
Louisiana

Ellen
    $200 20
windshield wipers

Krista
    $200 9
the 4 corners of the globe

Krista
    $300 19
Ambassador

Ellen
    $300 28
(Joe: Who is Che Guevara?)

Fidel Castro

JoeEllen
    $300 14
(Gary) Larson

Krista
    $300 4
the Yellow Sea

Joe
    $300 21
(Krista: What is Jeopardy!?)
...
(Alex: Only 30% wanted to appear on our show. But a majority of college graduates wanted to appear on this program.)

Wheel of Fortune

KristaEllen
    $300 10
a 4-bagger

Joe
    $400 24
the New World Symphony

Krista
    $400 29
(Ellen: What is the Parthenon?)

Akropolis

Ellen
Triple Stumper
    $400 15
Ann Richards

Triple Stumper
    $400 6
South Africa

Triple Stumper
    $400 22
high heels

Ellen
    $400 11
the 4 horsemen of the Apocalypse

Ellen
    $500 25
(Ellen: What is Double Mint?)

Juicy Fruit

KristaEllen
    $500 30
Manitoba

Ellen
    $500 16
the Frugal Gourmet

Joe
    $500 7
the Straits of Mackinac

Ellen
    $500 23
Cindy Crawford

Joe
    $500 12
(Joe: What is the mile? Run?)
...
(Alex: Yes, the response had to contain the word "four".)

the 4-minute mile

KristaJoe

Scores at the first commercial break (after clue 13):

Krista Joe Ellen
$0 $100 $1,500

Scores at the end of the Jeopardy! Round:

Krista Joe Ellen
$1,200 $1,200 $2,500

Double Jeopardy! Round responses

BRITISH HISTORY
TRAVEL & TOURISM
METALS
FAMOUS WOMEN
(Alex: In honor of Black History Month...)
BLACK AMERICA
NOVEL CHARACTERS
    $200 6
France

Joe
    $200 22
Plymouth

Joe
    $200 9
(Ellen: What is zinc?)

lead

JoeEllen
    $200 10
Emily Post

Krista
    $200 13
Martin Luther King

Joe
    $200 1
[Krista selected the first clue.]

Laurie

Krista
    $400 7
Windsor

Krista
    $400 27
(Krista: What is Tennessee?)

Mississippi

KristaJoe
    $400 20
stainless steel

Ellen
    $400 16
(Ellen: Who is Imelda Marcos?)

Madame Chiang Kai-Shek

KristaEllen
    $400 14
the Emancipation Proclamation

Ellen
    $400 2
Around the World in 80 Days

Ellen
    $600 8
Canterbury

Ellen
    $600 28
Arizona

Krista
    $600 21
gold

Joe
    $600 17
Harriet Tubman

Krista
    $600 15
Jesse Jackson

Triple Stumper
    $600 3
Lady Chatterley

Ellen
    $800 11
Eton

Ellen
    $2,000 29
(Krista: What is Nashville?)
[The end-of-round signal sounds.]

Oak Ridge

Krista
    $800 25
lithium

Ellen
    $800 18
Edith Sitwell

Triple Stumper
    $800 23
Jim Crow laws

Joe
    $800 4
The Scarlet Letter

Joe
    $1000 12
Christie's

Joe
    $1000 26
platinum

Triple Stumper
    $1000 19
Bessie Smith

Ellen
    $1000 24
(Alex: With less than a minute to go.)

(National) Urban League

Ellen
    $1,000 5
(Joe: I don't know.)

Show Boat

Joe

Scores at the end of the Double Jeopardy! Round:

Krista Joe Ellen
$1,200 $4,600 $7,900

[wagering suggestions for these scores]

Final Jeopardy! Round responses

ORGANIZATIONS
KristaWhat is Amnesty International?
$0
JoeWhat is Amnesty International?
$3,350
EllenWhat is Amnesty International
$1,300
Amnesty International

Final scores:

Krista Joe Ellen
$1,200 $7,950 $9,200
3rd place: Sierra fireplace 2nd place: 7-day Caribbean cruise aboard Cunard Countess New champion: $9,200

Game dynamics:

Coryat scores:

Krista Joe Ellen
$3,900 $5,600 $7,900
13 R,
4 W
(including 2 DDs)
15 R,
3 W
(including 1 DD)
22 R,
4 W

Combined Coryat: $17,400

[game clues] [game scores] [suggest correction]

Game tape date: 1992-11-09
The J! Archive is created by fans, for fans. Scraping, republication, monetization, and malicious use prohibited; this site may use cookies and collect identifying information. See terms. The Jeopardy! game show and all elements thereof, including but not limited to copyright and trademark thereto, are the property of Jeopardy Productions, Inc. and are protected under law. This website is not affiliated with, sponsored by, or operated by Jeopardy Productions, Inc. Join the discussion at JBoard.tv.